[Event "CZE-chT2E 2223"]
[Site "Czech Republic"]
[Date "2023.02.19"]
[Round "9.8"]
[White "Lakatos, Tomas"]
[Black "Fryda, Dominik1111"]
[Result "1-0"]
[WhiteElo "2078"]
[BlackElo "1828"]
[PlyCount "83"]
[EventDate "2022.10.16"]
[EventType "team-tourn"]
[EventRounds "11"]
[EventCountry "CZE"]
[SourceTitle "EXT 2024"]
[Source "ChessBase"]
[SourceDate "2023.10.10"]
[SourceVersion "1"]
[SourceVersionDate "2023.10.10"]
[SourceQuality "1"]
[WhiteTeam "Orechov Orel"]
[BlackTeam "Brno Lokomotiva"]
[WhiteTeamCountry "CZE"]
[BlackTeamCountry "CZE"]

1. b3 Nf6 2. Bb2 d5 3. f4 c5 4. Nf3 Nc6 5. e3 Bg4 6. Be2 e6 7. 0-0 Be7 8. d3 0-0 9. Nbd2 Qc7 10. Ne5 Bxe2 11. Qxe2 Nd7 12. Nxc6 Qxc6 13. e4 Bf6 14. e5 Be7 15. Rae1 f6 16. Qg4 Rae8 17. Nf3 fxe5 18. Nxe5 Nxe5 19. Bxe5 Bf6 20. h4 Qd7 21. h5 Bxe5 22. Rxe5 Rf6 23. Rfe1 Qf7 24. g3 Kf8 25. c4 dxc4 26. dxc4 b6 27. Qd1 h6 28. Qd6+ Qe7 29. Qc6 Kf7 30. f5 Rd8 31. fxe6+ Kg8 32. Rd5 Rff8 33. Rxd8 Rxd8 34. Qe4 Rd6 35. Qg6 Kh8 36. Qf7 Rd7 37. exd7 Qxe1+ 38. Kh2 Qe2+ 39. Kh3 Qd1 40. Qe8+ Kh7 41. d8Q Qf1+ 42. Kg4 1-0

[Event "CZE-chT2E 2122"]
[Site "Czech Republic"]
[Date "2021.11.07"]
[Round "2.4"]
[White "Jelinek, Ota"]
[Black "Lakatos, Tomas"]
[Result "0-1"]
[WhiteElo "2168"]
[BlackElo "2109"]
[PlyCount "96"]
[EventDate "2021.10.17"]
[EventType "team-tourn"]
[EventRounds "11"]
[EventCountry "CZE"]
[SourceTitle "EXT 2024"]
[Source "ChessBase"]
[SourceDate "2023.10.10"]
[SourceVersion "1"]
[SourceVersionDate "2023.10.10"]
[SourceQuality "1"]
[WhiteTeam "Brno VSK Univ"]
[BlackTeam "Orechov Orel"]
[WhiteTeamCountry "CZE"]
[BlackTeamCountry "CZE"]

1. g3 d5 2. Bg2 c6 3. f4 e6 4. Nf3 f5 5. 0-0 Nf6 6. e3 Bd6 7. Nc3 0-0 8. d3 Nbd7 9. e4 fxe4 10. dxe4 Bb4 11. e5 Bxc3 12. bxc3 Ne4 13. Qe1 Qa5 14. Nd4 Ndc5 15. Be3 Bd7 16. Nb3 Qb5 17. Bf3 b6 18. Nxc5 Nxc5 19. a4 Nxa4 20. Qd2 Qa5 21. Rfd1 b5 22. Bc5 Qxc3 23. Qxc3 Nxc3 24. Rd3 Na4 25. Bxf8 Kxf8 26. g4 Ke7 27. Rf1 Nb2 28. Rd2 Nc4 29. Re2 Rf8 30. Bg2 a5 31. f5 a4 32. Bh3 c5 33. Ref2 Nxe5 34. Re1 Kd6 35. Kg2 d4 36. Rfe2 Nc4 37. fxe6 Bc6+ 38. Kg1 Ne3 39. g5 Rf3 40. Bg2 Rf5 41. Bxc6 Kxc6 42. h4 Re5 43. Rf2 Rxe6 44. Rf7 Re4 45. Rxg7 Rxh4 46. c3 Nf5 47. Rf7 Nd6 48. Rf3 dxc3 0-1

[Event "CZE-chT2E 1920"]
[Site "Czech Republic"]
[Date "2019.12.01"]
[Round "4.3"]
[White "Svehla, Karel"]
[Black "Lakatos, Tomas"]
[Result "0-1"]
[WhiteElo "2137"]
[BlackElo "2127"]
[PlyCount "69"]
[EventDate "2019.10.13"]
[EventType "team-tourn"]
[EventRounds "11"]
[EventCountry "CZE"]
[SourceTitle "EXT 2024"]
[Source "ChessBase"]
[SourceDate "2023.10.10"]
[SourceVersion "1"]
[SourceVersionDate "2023.10.10"]
[SourceQuality "1"]
[WhiteTeam "Adamov"]
[BlackTeam "Orechov Orel"]
[WhiteTeamCountry "CZE"]
[BlackTeamCountry "CZE"]

1. d4 d5 2. c4 c6 3. Nc3 e6 4. Nf3 f5 5. Qb3 Nf6 6. Bg5 Bd6 7. e3 Nbd7 8. Bd3 0-0 9. cxd5 cxd5 10. Rc1 a6 11. Nd2 b5 12. Ne2 Nb6 13. f4 Nc4 14. Bxc4 dxc4 15. Qc2 Bb7 16. 0-0 Rc8 17. Ng3 Qb6 18. Bxf6 Rxf6 19. Nf3 Rf7 20. Qe2 Rfc7 21. Ng5 Be7 22. Qh5 Bxg5 23. fxg5 Qd6 24. Rc2 b4 25. Rcf2 c3 26. b3 a5 27. g6 h6 28. e4 c2 29. Rc1 Qxd4 30. exf5 Qe3 31. f6 Qxc1+ 32. Nf1 Qg5 33. f7+ Kf8 34. Qh3 Qxg6 35. Qd3 0-1

[Event "CZE-chT2D 1819"]
[Site "Czech Republic"]
[Date "2018.12.02"]
[Round "4.4"]
[White "Kulovana, Eva"]
[Black "Lakatos, Tomas"]
[Result "1/2-1/2"]
[WhiteElo "2181"]
[BlackElo "2165"]
[PlyCount "37"]
[EventDate "2018.10.14"]
[EventType "team-tourn"]
[EventRounds "11"]
[EventCountry "CZE"]
[SourceTitle "EXT 2022"]
[Source "ChessBase"]
[SourceDate "2021.10.06"]
[SourceVersion "1"]
[SourceVersionDate "2021.10.06"]
[SourceQuality "1"]
[WhiteTeam "Brno Lokomotiva"]
[BlackTeam "Orechov"]
[WhiteTeamCountry "CZE"]
[BlackTeamCountry "CZE"]

1. e4 c6 2. d4 d5 3. Nd2 dxe4 4. Nxe4 Nf6 5. Nxf6+ exf6 6. c3 Bd6 7. Bd3 0-0 8. Qc2 h6 9. Ne2 Qc7 10. Be3 Re8 11. h3 Be6 12. 0-0 g5 13. c4 Qc8 14. Bc1 Bxh3 15. gxh3 Qxh3 16. f4 Qg4+ 17. Kf2 Qh4+ 18. Kg2 Qg4+ 19. Kf2 1/2-1/2

[Event "CZE-chT2E 1718"]
[Site "Czech Republic"]
[Date "2018.01.28"]
[Round "7.5"]
[White "Fojtik, Tomas"]
[Black "Lakatos, Tomas"]
[Result "0-1"]
[WhiteElo "2108"]
[BlackElo "2122"]
[PlyCount "58"]
[EventDate "2017.10.15"]
[EventType "team-tourn"]
[EventRounds "11"]
[EventCountry "CZE"]
[SourceTitle "EXT 2022"]
[Source "ChessBase"]
[SourceDate "2021.10.06"]
[SourceVersion "1"]
[SourceVersionDate "2021.10.06"]
[SourceQuality "1"]
[WhiteTeam "Lipovec Garde"]
[BlackTeam "Brno VSK Univ"]
[WhiteTeamCountry "CZE"]
[BlackTeamCountry "CZE"]

1. d4 d6 2. Nf3 Bg4 3. Nbd2 Nd7 4. g3 c6 5. Bg2 e5 6. dxe5 dxe5 7. Nc4 Qc7 8. c3 Be7 9. Qc2 Be6 10. Ncd2 f5 11. b3 Bf6 12. Bb2 Ne7 13. e3 0-0 14. b4 g5 15. h3 Rad8 16. a4 Ng6 17. e4 f4 18. g4 Kh8 19. Nh2 h5 20. f3 hxg4 21. Nxg4 Nh4 22. Nf1 Nxg2+ 23. Qxg2 Nb6 24. Nd2 Rd3 25. Nf2 Re3+ 26. Kd1 Qd7 27. Kc1 Rd8 28. a5 Nc4 29. Nxc4 Bxc4 0-1

[Event "CZE-chT2E 1516"]
[Site "Czech Republic"]
[Date "2016.04.17"]
[Round "11.2"]
[White "Lakatos, Tomas"]
[Black "Kratochvil, Vit"]
[Result "0-1"]
[WhiteElo "2126"]
[BlackElo "2254"]
[PlyCount "50"]
[EventDate "2015.10.18"]
[EventType "team-tourn"]
[EventRounds "11"]
[EventCountry "CZE"]
[SourceTitle "EXT 2022"]
[Source "ChessBase"]
[SourceDate "2021.10.06"]
[SourceVersion "1"]
[SourceVersionDate "2021.10.06"]
[SourceQuality "1"]
[WhiteTeam "Orechov"]
[BlackTeam "Jihlava Silko Gambit"]
[WhiteTeamCountry "CZE"]
[BlackTeamCountry "CZE"]

1. e4 Nf6 2. Nc3 e5 3. f4 d5 4. fxe5 Nxe4 5. Nf3 Be7 6. Qe2 Nxc3 7. dxc3 0-0 8. Bf4 c5 9. 0-0-0 Nc6 10. Kb1 Be6 11. h4 h6 12. Qd2 Re8 13. h5 Bf8 14. Be2 Qa5 15. b3 b5 16. g4 c4 17. Nd4 Nxd4 18. Qxd4 Rec8 19. b4 Qa4 20. Bf3 a5 21. Bc1 axb4 22. a3 bxc3 23. Qxc3 b4 24. Qa1 bxa3 25. Qa2 Rab8+ 0-1

[Event "CZE-chT2E 1516"]
[Site "Czech Republic"]
[Date "2015.12.06"]
[Round "4.2"]
[White "Haba, Zdenek"]
[Black "Lakatos, Tomas"]
[Result "1-0"]
[WhiteElo "2227"]
[BlackElo "2126"]
[PlyCount "53"]
[EventDate "2015.10.18"]
[EventType "team-tourn"]
[EventRounds "11"]
[EventCountry "CZE"]
[SourceTitle "EXT 2022"]
[Source "ChessBase"]
[SourceDate "2021.10.06"]
[SourceVersion "1"]
[SourceVersionDate "2021.10.06"]
[SourceQuality "1"]
[WhiteTeam "Jihlava Gordic"]
[BlackTeam "Orechov"]
[WhiteTeamCountry "CZE"]
[BlackTeamCountry "CZE"]

1. d4 c6 2. c4 d5 3. Nf3 e6 4. Nbd2 f5 5. g3 Nf6 6. Bg2 Bd6 7. 0-0 0-0 8. b3 b6 9. Bb2 Qe7 10. Ne5 Bb7 11. Rc1 Nbd7 12. cxd5 cxd5 13. Ndc4 Rfc8 14. Nxd6 Qxd6 15. Qd3 a5 16. h3 Ne4 17. g4 fxg4 18. hxg4 Qe7 19. Qb5 Nxe5 20. dxe5 Rxc1 21. Rxc1 Ba6 22. Qxb6 Bxe2 23. Rc7 Qe8 24. Qb7 Qf8 25. Rxg7+ Qxg7 26. Qxa8+ Kf7 27. Qb7+ 1-0

[Event "CZE-chT2E 1516"]
[Site "Czech Republic"]
[Date "2015.11.08"]
[Round "2.2"]
[White "Lakatos, Tomas"]
[Black "Zednik, Josef"]
[Result "1/2-1/2"]
[WhiteElo "2126"]
[BlackElo "2109"]
[PlyCount "103"]
[EventDate "2015.10.18"]
[EventType "team-tourn"]
[EventRounds "11"]
[EventCountry "CZE"]
[SourceTitle "EXT 2022"]
[Source "ChessBase"]
[SourceDate "2021.10.06"]
[SourceVersion "1"]
[SourceVersionDate "2021.10.06"]
[SourceQuality "1"]
[WhiteTeam "Orechov"]
[BlackTeam "Grygov II"]
[WhiteTeamCountry "CZE"]
[BlackTeamCountry "CZE"]

1. e4 c5 2. d3 g6 3. Be2 Bg7 4. f4 d6 5. Nf3 Nc6 6. c3 e6 7. 0-0 Nge7 8. a4 0-0 9. Na3 Rb8 10. Be3 b6 11. Qe1 d5 12. g4 d4 13. Bd2 dxc3 14. Bxc3 Nd4 15. Nxd4 Bxd4+ 16. Kg2 Bb7 17. Bxd4 Qxd4 18. Qc3 Rfd8 19. Qxd4 Rxd4 20. Nc2 Rd7 21. Kf2 Ba6 22. Ke3 Rbd8 23. Rfd1 Nc6 24. b3 e5 25. f5 f6 26. Rab1 Kf7 27. Na3 Nd4 28. Nc4 Ke7 29. h3 g5 30. Bf1 h5 31. gxh5 Rh8 32. Be2 Nxe2 33. Kxe2 Rxh5 34. Rh1 Rd8 35. Rbg1 Rdh8 36. Rg3 Rh4 37. Kf3 Rf4+ 38. Kg2 Bxc4 39. bxc4 Kd6 40. Rb1 Kc6 41. Rf1 a6 42. Rb1 Rb8 43. Re3 Rd8 44. Rb3 Rh4 45. Rg3 Rb8 46. Re3 b5 47. axb5+ axb5 48. cxb5+ Rxb5 49. Ra3 Rh8 50. Re1 Rd8 51. Kf3 Rb6 52. Rc1 1/2-1/2

[Event "CZE-chT1E 1415"]
[Site "Czech Republic"]
[Date "2015.03.22"]
[Round "10.4"]
[White "Nemec, Pavel"]
[Black "Lakatos, Tomas"]
[Result "1-0"]
[WhiteElo "2265"]
[BlackElo "2102"]
[PlyCount "57"]
[EventDate "2014.10.19"]
[EventType "team-tourn"]
[EventRounds "11"]
[EventCountry "CZE"]
[SourceTitle "EXT 2016"]
[Source "ChessBase"]
[SourceDate "2015.10.08"]
[SourceVersion "1"]
[SourceVersionDate "2015.10.08"]
[SourceQuality "1"]
[WhiteTeam "Chrudim"]
[BlackTeam "Brno Duras II"]
[WhiteTeamCountry "CZE"]
[BlackTeamCountry "CZE"]

1. e4 c5 2. Nc3 g6 3. g3 Bg7 4. Bg2 Nc6 5. d3 d6 6. Be3 Nf6 7. h3 Bd7 8. Qd2 Rb8 9. Nge2 Qc8 10. Bh6 Kf8 11. Nd5 Nxd5 12. exd5 Nd4 13. Nxd4 cxd4 14. Rc1 f6 15. Qf4 Bxh6 16. Qxh6+ Kf7 17. 0-0 b5 18. Rfe1 e5 19. dxe6+ Bxe6 20. Re4 Qc6 21. c3 Bxa2 22. cxd4 Qb6 23. Re7+ Kxe7 24. Qg7+ Bf7 25. Re1+ Kd7 26. Qxf7+ Kc8 27. Rc1+ Kd8 28. Qxf6+ Kd7 29. Bc6+ 1-0

[Event "CZE-chT2E 1415"]
[Site "Czech Republic"]
[Date "2015.03.15"]
[Round "9.1"]
[White "Gasa, Andrej"]
[Black "Lakatos, Tomas"]
[Result "1/2-1/2"]
[WhiteElo "2317"]
[BlackElo "2102"]
[PlyCount "85"]
[EventDate "2014.11.02"]
[EventType "team-tourn"]
[EventRounds "11"]
[EventCountry "CZE"]
[SourceTitle "EXT 2022"]
[Source "ChessBase"]
[SourceDate "2021.10.06"]
[SourceVersion "1"]
[SourceVersionDate "2021.10.06"]
[SourceQuality "1"]
[WhiteTeam "Prusanky Podluzan"]
[BlackTeam "Orechov"]
[WhiteTeamCountry "CZE"]
[BlackTeamCountry "CZE"]

1. Nf3 d5 2. d4 c6 3. c4 e6 4. Qc2 f5 5. g3 Nf6 6. Bg2 Bd6 7. 0-0 0-0 8. a3 a5 9. Nbd2 Nbd7 10. b3 b6 11. Bb2 Qe7 12. Ne5 Bb7 13. Ndf3 Ne4 14. e3 c5 15. Nxd7 Qxd7 16. Rfd1 Qe7 17. Nd2 cxd4 18. Bxd4 Bxa3 19. Nxe4 fxe4 20. Bxb6 Bb4 21. Ra2 Ra6 22. Bd4 Rc6 23. Qb1 Ra6 24. Qa1 Bc6 25. Bf1 Raa8 26. Bc3 Bxc3 27. Qxc3 Qb4 28. Qxb4 axb4 29. Rxa8 Rxa8 30. cxd5 Bxd5 31. Rd4 Ra1 32. Rxb4 Rb1 33. Kg2 Rxb3 34. Rxb3 Bxb3 35. Kh3 Kf7 36. Be2 Kf6 37. Kg2 Ke5 38. Kf1 Kd6 39. Ke1 Kc5 40. Kd2 Kb4 41. h4 h6 42. Bh5 g5 43. hxg5 1/2-1/2

[Event "CZE-chT2E 1415"]
[Site "Czech Republic"]
[Date "2015.02.08"]
[Round "7.3"]
[White "Hladik, Josef"]
[Black "Lakatos, Tomas"]
[Result "1/2-1/2"]
[WhiteElo "2139"]
[BlackElo "2102"]
[PlyCount "102"]
[EventDate "2014.11.02"]
[EventType "team-tourn"]
[EventRounds "11"]
[EventCountry "CZE"]
[SourceTitle "EXT 2022"]
[Source "ChessBase"]
[SourceDate "2021.10.06"]
[SourceVersion "1"]
[SourceVersionDate "2021.10.06"]
[SourceQuality "1"]
[WhiteTeam "Brno Vinohrady"]
[BlackTeam "Orechov"]
[WhiteTeamCountry "CZE"]
[BlackTeamCountry "CZE"]

1. b3 f5 2. Bb2 e6 3. e4 Nf6 4. exf5 exf5 5. Qe2+ Kf7 6. Nf3 Be7 7. Ng5+ Kg8 8. Qe5 d5 9. Bd3 Nc6 10. Qe2 Ne4 11. Nf3 Bf6 12. c3 Kf7 13. 0-0 Re8 14. Qd1 f4 15. Be2 Bf5 16. d3 Nd6 17. Nbd2 g5 18. Ne1 Bg6 19. Bh5 Nf5 20. d4 Nce7 21. Nd3 Ng7 22. Bxg6+ Nxg6 23. Nf3 Kg8 24. Qd2 g4 25. Nfe5 Bxe5 26. Nxe5 Nxe5 27. dxe5 Ne6 28. Rad1 c6 29. c4 dxc4 30. Qe2 Qg5 31. Qxc4 Rad8 32. Rd6 Kf7 33. Rfd1 f3 34. Qd3 Qg6 35. Qxg6+ hxg6 36. gxf3 gxf3 37. R1d3 Rxd6 38. Rxf3+ Ke7 39. Ba3 c5 40. exd6+ Kxd6 41. Rf6 Rg8 42. Rf7 Rg7 43. Rxg7 Nxg7 44. Kg2 Ne6 45. Kf3 Ke5 46. Bb2+ Kd5 47. Ke3 b5 48. h4 a6 49. Bf6 Nc7 50. Kf4 Ne6+ 51. Ke3 Nc7 1/2-1/2

[Event "CZE-chT2E 1415"]
[Site "Czech Republic"]
[Date "2015.01.25"]
[Round "6.3"]
[White "Lakatos, Tomas"]
[Black "Vrana, Frantisek"]
[Result "1-0"]
[WhiteElo "2102"]
[BlackElo "2246"]
[PlyCount "51"]
[EventDate "2014.11.02"]
[EventType "team-tourn"]
[EventRounds "11"]
[EventCountry "CZE"]
[SourceTitle "EXT 2022"]
[Source "ChessBase"]
[SourceDate "2021.10.06"]
[SourceVersion "1"]
[SourceVersionDate "2021.10.06"]
[SourceQuality "1"]
[WhiteTeam "Orechov"]
[BlackTeam "Stare Mesto II"]
[WhiteTeamCountry "CZE"]
[BlackTeamCountry "CZE"]

1. e4 e6 2. d3 d5 3. Nd2 c5 4. g3 Nc6 5. Bg2 Nf6 6. Ngf3 Be7 7. 0-0 0-0 8. c3 b5 9. Re1 b4 10. exd5 Nxd5 11. Qc2 Ba6 12. Qa4 Qc8 13. c4 Nb6 14. Qc2 Rd8 15. Ne4 Qd7 16. Be3 Qxd3 17. Qxd3 Rxd3 18. b3 Bc8 19. Rad1 Rxd1 20. Rxd1 Nd7 21. Nd6 Ba6 22. Nxf7 Kxf7 23. Rxd7 Rd8 24. Ng5+ Ke8 25. Bxc6 Rxd7 26. Nxe6 1-0

[Event "SVK-chT1E 0708"]
[Site "Slovakia"]
[Date "2008.02.09"]
[Round "8.4"]
[White "Istvanovszky, Martin"]
[Black "Lakatos, Tomas"]
[Result "1-0"]
[WhiteElo "2215"]
[BlackElo "2144"]
[PlyCount "75"]
[EventDate "2007.10.13"]
[EventType "team-swiss"]
[EventRounds "11"]
[EventCountry "SVK"]
[SourceTitle "EXT 2009"]
[Source "ChessBase"]
[SourceDate "2008.11.26"]
[SourceVersion "1"]
[SourceVersionDate "2008.11.26"]
[SourceQuality "1"]
[WhiteTeam "Filakovo"]
[BlackTeam "Kosice Slavia UPJS III"]
[WhiteTeamCountry "SVK"]
[BlackTeamCountry "SVK"]

1. e4 d5 2. exd5 Qxd5 3. Nc3 Qd6 4. d4 Nf6 5. Bc4 a6 6. Bb3 e6 7. Nge2 b5 8. Bf4 Qb6 9. a4 b4 10. Nb1 Nd5 11. Bg3 Nc6 12. Nd2 Na5 13. 0-0 Be7 14. Re1 Bb7 15. c4 bxc3 16. bxc3 Nxb3 17. Nxb3 0-0 18. Rb1 Rab8 19. Qd3 Nf6 20. f3 Rfd8 21. Nc5 Qxc5 22. dxc5 Rxd3 23. c6 Bc5+ 24. Kh1 Bb6 25. cxb7 Ba5 26. Bf2 c5 27. Bg3 Rdd8 28. Bxb8 Rxb8 29. Red1 Nd5 30. c4 Nb4 31. Rd7 Kf8 32. Ng3 Ke8 33. Rbd1 Nc6 34. R7d6 Nd8 35. Rxa6 Nxb7 36. Ne4 Bd8 37. Rb1 Kd7 38. Rxb7+ 1-0

[Event "SVK-chT2D 0708"]
[Site "Slovakia"]
[Date "2008.02.02"]
[Round "8.3"]
[White "Bemak, Mikhail"]
[Black "Lakatos, Tomas"]
[Result "0-1"]
[WhiteElo "2127"]
[BlackElo "2144"]
[PlyCount "137"]
[EventDate "2007.10.06"]
[EventType "team-tourn"]
[EventRounds "11"]
[EventCountry "SVK"]
[SourceTitle "EXT 2010"]
[Source "ChessBase"]
[SourceDate "2010.11.25"]
[SourceVersion "1"]
[SourceVersionDate "2010.11.25"]
[SourceQuality "1"]
[WhiteTeam "Velke Kapusany Energetik"]
[BlackTeam "Kosice Dynamo"]
[WhiteTeamCountry "SVK"]
[BlackTeamCountry "SVK"]

1. d4 Nf6 2. c4 g6 3. Nf3 Bg7 4. g3 0-0 5. Bg2 d6 6. 0-0 Nbd7 7. Nc3 c6 8. e4 Qc7 9. h3 e5 10. Be3 Re8 11. Re1 Nh5 12. Kh2 Nf8 13. Qd2 f5 14. Bg5 Qf7 15. b3 f4 16. g4 Nf6 17. Bxf6 Bxf6 18. dxe5 dxe5 19. Rad1 g5 20. Ng1 Ne6 21. f3 Rd8 22. Qf2 b6 23. Rxd8+ Bxd8 24. Rd1 Bb7 25. Nge2 Bf6 26. Nc1 Kg7 27. Rd3 Rd8 28. Rxd8 Bxd8 29. Qd2 Bc7 30. N1e2 Qe7 31. Nd1 a5 32. Nb2 Bc8 33. Nd1 Qc5 34. Qc3 Kf6 35. Bf1 Ba6 36. Kg2 Qd6 37. Nb2 Nc5 38. Nc1 Ne6 39. a4 Qa3 40. Ne2 Nc5 41. Nc1 Bd6 42. Bd3 Ne6 43. Ne2 Bc5 44. Qc2 Nd4 45. Nxd4 Bxd4 46. Nd1 Qb4 47. Kf1 Bc8 48. Be2 Qa3 49. Bd3 Be6 50. Be2 Qf8 51. Bd3 Qh6 52. Qg2 Qh4 53. Bc2 Ke7 54. Qh2 Kd6 55. Qg2 Kc5 56. Qh2 Bd7 57. Bd3 Kd6 58. Qg2 Bc5 59. Bc2 Bb4 60. Nf2 Bc3 61. Bd3 Kc5 62. Be2 Kb4 63. Bd1 Kc5 64. Be2 Bd2 65. Bd3 Be3 66. Nd1 Bd4 67. Qh2 Kb4 68. Bc2 b5 69. cxb5 0-1

[Event "SVK-chT1E 0708"]
[Site "Slovakia"]
[Date "2007.12.09"]
[Round "6.2"]
[White "Lakatos, Tomas"]
[Black "Micek, Jaroslav"]
[Result "1/2-1/2"]
[WhiteElo "2144"]
[BlackElo "2071"]
[PlyCount "101"]
[EventDate "2007.10.13"]
[EventType "team-swiss"]
[EventRounds "11"]
[EventCountry "SVK"]
[SourceTitle "EXT 2009"]
[Source "ChessBase"]
[SourceDate "2008.11.26"]
[SourceVersion "1"]
[SourceVersionDate "2008.11.26"]
[SourceQuality "1"]
[WhiteTeam "Kosice Slavia UPJS III"]
[BlackTeam "Margecany OSK"]
[WhiteTeamCountry "SVK"]
[BlackTeamCountry "SVK"]

1. e4 c6 2. d4 d5 3. exd5 cxd5 4. c4 Nf6 5. Nc3 g6 6. Nf3 Bg7 7. Bd3 0-0 8. 0-0 Nc6 9. h3 h6 10. Be3 dxc4 11. Bxc4 Na5 12. Be2 Be6 13. Ne5 Rc8 14. Qd2 Kh7 15. Rfd1 b6 16. Rac1 Nd7 17. Nxd7 Bxd7 18. d5 Nc4 19. Bxc4 Rxc4 20. b3 Rh4 21. Ne2 Be5 22. f4 Bd6 23. Qe1 Rh5 24. Ng3 Rh4 25. Nf5 Bxf5 26. Qxh4 Qb8 27. Qf2 Qb7 28. Qd2 Ba3 29. Rc6 Bd7 30. Rc4 b5 31. Rc2 Bf5 32. Rc6 Bd7 33. Qa5 Bd6 34. Ra6 Bb8 35. Bxa7 Bc8 36. Bxb8 Qxa6 37. Qxa6 Bxa6 38. Ba7 Rd8 39. Bc5 Rd7 40. Kf2 Bb7 41. d6 exd6 42. Rxd6 Rxd6 43. Bxd6 Kg7 44. Be7 f6 45. g4 Kf7 46. Bd8 Ke6 47. Ke3 Bg2 48. h4 Bh3 49. g5 hxg5 50. hxg5 fxg5 51. fxg5 1/2-1/2

[Event "SVK-chT1E 0708"]
[Site "Slovakia"]
[Date "2007.12.08"]
[Round "5.2"]
[White "Tauber, Marek"]
[Black "Lakatos, Tomas"]
[Result "1-0"]
[WhiteElo "2188"]
[BlackElo "2144"]
[PlyCount "33"]
[EventDate "2007.10.13"]
[EventType "team-swiss"]
[EventRounds "11"]
[EventCountry "SVK"]
[SourceTitle "EXT 2009"]
[Source "ChessBase"]
[SourceDate "2008.11.26"]
[SourceVersion "1"]
[SourceVersionDate "2008.11.26"]
[SourceQuality "1"]
[WhiteTeam "Kosice Slavia UPJS II"]
[BlackTeam "Kosice Slavia UPJS III"]
[WhiteTeamCountry "SVK"]
[BlackTeamCountry "SVK"]

1. e4 c5 2. Nf3 e6 3. Nc3 Nc6 4. d4 cxd4 5. Nxd4 Qc7 6. g3 a6 7. Bg2 Nf6 8. 0-0 Nxd4 9. Qxd4 Bc5 10. Bf4 d6 11. Qd2 0-0 12. Rad1 e5 13. Bg5 Be6 14. Bxf6 gxf6 15. Qh6 Qe7 16. Bh3 f5 17. exf5 1-0

[Event "SVK-chT2D 0708"]
[Site "Slovakia"]
[Date "2007.12.02"]
[Round "6.4"]
[White "Hlinka, Vasil"]
[Black "Lakatos, Tomas"]
[Result "1-0"]
[WhiteElo "2156"]
[BlackElo "2144"]
[PlyCount "89"]
[EventDate "2007.10.06"]
[EventType "team-tourn"]
[EventRounds "11"]
[EventCountry "SVK"]
[SourceTitle "EXT 2010"]
[Source "ChessBase"]
[SourceDate "2010.11.25"]
[SourceVersion "1"]
[SourceVersionDate "2010.11.25"]
[SourceQuality "1"]
[WhiteTeam "Kosice Slavia UPJS IV"]
[BlackTeam "Kosice Dynamo"]
[WhiteTeamCountry "SVK"]
[BlackTeamCountry "SVK"]

1. d4 Nf6 2. c4 g6 3. Nc3 d5 4. cxd5 Nxd5 5. e4 Nxc3 6. bxc3 Bg7 7. Nf3 c5 8. Be2 Nc6 9. Be3 0-0 10. 0-0 cxd4 11. cxd4 Bg4 12. d5 Ne5 13. Nd4 Bxe2 14. Qxe2 Qd7 15. h3 Rac8 16. Rac1 Rxc1 17. Rxc1 Rc8 18. Rxc8+ Qxc8 19. Nb3 a6 20. Bc5 e6 21. f4 Nd7 22. Bf2 Qc3 23. dxe6 fxe6 24. Qd1 Qc7 25. e5 Bf8 26. Qg4 Kf7 27. Nd4 Qc1+ 28. Kh2 Nc5 29. Qh4 Bg7 30. Ne2 Qc4 31. Qd8 Nd3 32. Bh4 g5 33. Bxg5 Nxe5 34. Qe7+ Kg6 35. f5+ Kxf5 36. g4+ Ke4 37. Qxb7+ Nc6 38. Ng3+ Kd3 39. Qxg7 Qc2+ 40. Kg1 Qc5+ 41. Kf1 Kc2 42. Qxh7+ Kb2 43. Bf6+ e5 44. Qd3 Qc1+ 45. Kg2 1-0